Spell the Marvel Character #220 - Statistics

General Stats
  • This quiz has been taken 21 times
  • The average score is 10 of 16
Answer Stats
Picture Answer % Correct
She-Hulk
100%
Ant-Man
94%
Professor X
94%
Daredevil
89%
Rocket Raccoon
89%
Iron Lad
83%
Yondu
83%
Ikaris
56%
Spider-Boy
56%
Thunderstrike
56%
Honey Badger
50%
Aero
44%
Fandral
33%
Marrina
28%
Smartship Friday
28%
Risque
17%
No matching quizzes found
Score Distribution
Percent of People with Each Score
Percentile by Number Answered
Your Score History
You have not taken this quiz